000
00274nam a2200109Ia 4500
008
200302s9999 xx 000 0 und d
100
_a
Rachel H U
245
_a
Chines contemporary Architecture
260
_b
Design Media Publishing (UK) Ltd.,
260
_c
2012
300
_a
351
999
_c
6177
_d
6177